दलित आत्मकथा (Record no. 1036726)
[ view plain ]
| 000 -LEADER | |
|---|---|
| fixed length control field | 00664nam a2200205Ia 4500 |
| 003 - CONTROL NUMBER IDENTIFIER | |
| control field | OSt |
| 005 - DATE AND TIME OF LATEST TRANSACTION | |
| control field | 20251024123457.0 |
| 008 - FIXED-LENGTH DATA ELEMENTS--GENERAL INFORMATION | |
| fixed length control field | 221004b |||||||| |||| 00| 0 mar d |
| 037 ## - SOURCE OF ACQUISITION | |
| Terms of availability | TB |
| 040 ## - CATALOGING SOURCE | |
| Original cataloging agency | AL |
| Transcribing agency | AL |
| Language of cataloging | mar |
| 041 ## - LANGUAGE CODE | |
| Source of code | mar |
| Language code of text/sound track or separate title | mar |
| 084 ## - COLON CLASSIFICATION NUMBER | |
| Classification number | Y5927 155N3 |
| Item number | AL |
| 245 #0 - TITLE STATEMENT | |
| Title | दलित आत्मकथा |
| 260 ## - PUBLICATION, DISTRIBUTION, ETC. | |
| Date of publication, distribution, etc. | 1993. |
| Place of publication, distribution, etc. | पुणे, भारत: |
| Name of publisher, distributor, etc. | सुरेश ऐजंसी, |
| 300 ## - PHYSICAL DESCRIPTION | |
| Extent | 222p. |
| 650 ## - SUBJECT ADDED ENTRY--TOPICAL TERM | |
| Topical term or geographic name entry element | SOCIOLOGY |
| 9 (RLIN) | 849447 |
| 700 ## - ADDED ENTRY--PERSONAL NAME | |
| Personal name | Paantavane Gagadhar Ed. |
| 9 (RLIN) | 628453 |
| 942 ## - ADDED ENTRY ELEMENTS (KOHA) | |
| Classification part | Y5927 155N3 |
| Koha item type | Textbook |
| Source of classification or shelving scheme | |
| Suppress in OPAC | No |
| Withdrawn status | Lost status | Source of classification or shelving scheme | Damaged status | Not for loan | Home library | Current library | Date acquired | Total Checkouts | Full call number | Barcode | Date last seen | Price effective from | Koha item type |
|---|---|---|---|---|---|---|---|---|---|---|---|---|---|
| Colon Classification (CC) | Arts Library | Arts Library | 2022-10-05 | Y5927 155N3 | AL1130713 | 2022-10-05 | 2022-10-05 | Textbook |
